Kitchen Things - Statistics

General Stats
  • This quiz has been taken 633 times
  • The average score is 10 of 15
Answer Stats
Hint Answer % Correct
Where you burn your bread in the morning Toaster
97%
Where you leave dirty dishes Sink
94%
Use this when you want a cup of tea Kettle
92%
The cold cupboard Fridge
90%
Dirty plates go in, sort've clean plates come out Dishwasher
88%
Where most of your food is kept Pantry
80%
Use this if you want a smoothie Blender
78%
What you cook with when you can't be bothered Microwave
66%
Use this to make your cup of Joe Coffee jug
60%
That noisy thing that sucks the air out of the room Extractor fan
55%
This gets very hot, great for burning onions Frying pan
55%
What you cook with when you're trying Oven
54%
These are very popular in Japan Rice cooker
26%
The most important 'element' of the kitchen Hob
20%
Traditional way of grinding spices Mortar and pestle
7%
No matching quizzes found
Score Distribution
Percent of People with Each Score
Percentile by Number Answered
Your Score History
You have not taken this quiz